[Event "TUR-chT 2nd League"]
[Site "Konya"]
[Date "2019.07.25"]
[Round "6.16"]
[White "Karatas, Duygu"]
[Black "Cirdi, Dalya"]
[Result "0-1"]
[WhiteElo "1248"]
[BlackElo "1053"]
[PlyCount "132"]
[EventDate "2019.07.22"]
[EventType "team-swiss"]
[EventRounds "9"]
[EventCountry "TUR"]
[SourceTitle "CBM 191 Extra"]
[Source "ChessBase"]
[SourceDate "2019.09.30"]
[SourceVersion "1"]
[SourceVersionDate "2019.09.30"]
[SourceQuality "1"]
[WhiteTeam "Hayat Genclik"]
[BlackTeam "Maras Spor Kulubu"]
[WhiteTeamCountry "TUR"]
[BlackTeamCountry "TUR"]

1. e4 e5 2. Nf3 Nc6 3. Bc4 Bc5 4. c3 d6 5. d4 exd4 6. cxd4 Bb4+ 7. Bd2 Bxd2+ 8. Nbxd2 Nf6 9. d5 Ne7 10. h3 0-0 11. 0-0 Ng6 12. Nd4 Re8 13. Bd3 Nf4 14. Qf3 N6h5 15. Kh2 Qg5 16. Bb5 Rf8 17. N2b3 Qe5 18. Kh1 Nf6 19. Rfe1 h6 20. Rac1 a6 21. Bf1 Re8 22. Rcd1 Bd7 23. Kg1 Nxe4 24. Kh1 Nxd5 25. Bd3 Ndf6 26. Bxe4 Nxe4 27. Nd2 Qxd4 28. Nxe4 Qb6 29. Qg3 Kh7 30. Qd3 Kh8 31. Qg3 Bc6 32. Nc3 Rxe1+ 33. Rxe1 Re8 34. Rb1 Re6 35. f3 Rg6 36. Qe1 Re6 37. Qg3 Qa5 38. a3 Qe5 39. Qf2 Qe3 40. Qg3 Rg6 41. Qe1 Qxe1+ 42. Rxe1 Re6 43. Rd1 g5 44. Kg1 Kg7 45. Kf2 Kg6 46. Rd4 f5 47. a4 b5 48. axb5 axb5 49. Rb4 Re5 50. f4 Rc5 51. g3 Rc4 52. Rxc4 bxc4 53. Ke3 Kf6 54. Kd4 Bg2 55. h4 gxh4 56. gxh4 Bf1 57. Nd5+ Kg6 58. Nxc7 Kh5 59. Ne8 Kxh4 60. Nxd6 Kg4 61. Ke5 Bd3 62. Nf7 Kh5 63. Kf6 Kg4 64. Ke5 h5 65. Nh6+ Kg3 66. Nf7 h4 0-1

[Event "EU-Cup 33rd"]
[Site "Antalya"]
[Date "2017.10.14"]
[Round "7.5"]
[White "Mirza, Gabriel"]
[Black "Cirdi, Dalya"]
[Result "1/2-1/2"]
[WhiteElo "1721"]
[BlackElo "1093"]
[PlyCount "69"]
[EventDate "2017.10.08"]
[EventType "team-swiss"]
[EventRounds "7"]
[EventCountry "TUR"]
[SourceTitle "CBM 181"]
[Source "ChessBase"]
[SourceDate "2017.11.10"]
[SourceVersion "1"]
[SourceVersionDate "2017.11.10"]
[SourceQuality "1"]
[WhiteTeam "Adare"]
[BlackTeam "Hatay Buyuksehir"]
[WhiteTeamCountry "IRL"]
[BlackTeamCountry "TUR"]

1. Nc3 e5 2. f4 exf4 3. Nf3 d5 4. d4 Nf6 5. Bxf4 Bb4 6. a3 Bxc3+ 7. bxc3 0-0 8. Bg5 h6 9. Bh4 Qd6 10. Bg3 Qc6 11. Qd3 Ne4 12. Ne5 Qxc3+ 13. Qxc3 Nxc3 14. Nd3 c6 15. h3 Ne4 16. Bh2 Nd7 17. e3 Re8 18. 0-0-0 Nb6 19. Nb2 Nf2 20. Bd3 Nxh1 21. Rxh1 Rxe3 22. Kd2 Re8 23. g4 g5 24. Rf1 Nd7 25. c4 a6 26. a4 b6 27. Rf5 Nc5 28. dxc5 Bxf5 29. Bxf5 bxc5 30. Bd6 dxc4 31. Nxc4 Rad8 32. Kc3 Kg7 33. Bxc5 Rd5 34. Bd4+ f6 35. Nb6 1/2-1/2

[Event "EU-Cup 33rd"]
[Site "Antalya"]
[Date "2017.10.10"]
[Round "3.4"]
[White "Uruci, Endrit"]
[Black "Cirdi, Dalya"]
[Result "1-0"]
[WhiteElo "2111"]
[BlackElo "1093"]
[PlyCount "93"]
[EventDate "2017.10.08"]
[EventType "team-swiss"]
[EventRounds "7"]
[EventCountry "TUR"]
[SourceTitle "CBM 181"]
[Source "ChessBase"]
[SourceDate "2017.11.10"]
[SourceVersion "1"]
[SourceVersionDate "2017.11.10"]
[SourceQuality "1"]
[WhiteTeam "Dardania"]
[BlackTeam "Hatay Buyuksehir"]
[WhiteTeamCountry "KOS"]
[BlackTeamCountry "TUR"]

1. e4 e5 2. Nf3 Nc6 3. d4 exd4 4. Bc4 Bc5 5. c3 Nge7 6. 0-0 dxc3 7. Ng5 0-0 8. Qh5 h6 9. Nxf7 Rxf7 10. Bxf7+ Kf8 11. Bb3 Qe8 12. Qf3+ Nf5 13. Qxf5+ Ke7 14. Qxc5+ Kd8 15. Nxc3 d6 16. Qc4 Bd7 17. Qg8 Qxg8 18. Bxg8 Ke7 19. Nd5+ Kd8 20. Be3 Ne5 21. f4 Nc4 22. b3 Nxe3 23. Nxe3 Bb5 24. Rfe1 Kd7 25. Bc4 Bc6 26. Bd5 Rf8 27. Bxc6+ Kxc6 28. Rac1+ Kd7 29. a4 c6 30. g3 g6 31. Rcd1 Kc7 32. Nc4 Rd8 33. Rxd6 Rxd6 34. Nxd6 Kxd6 35. Kf2 Ke7 36. Rd1 h5 37. e5 a6 38. Rd6 Kf7 39. Ke3 a5 40. Ke4 Ke7 41. h3 Kf7 42. Rd7+ Ke6 43. Rh7 b6 44. g4 hxg4 45. hxg4 b5 46. f5+ gxf5+ 47. gxf5# 1-0